| Tag |
First Indicator |
Second Indicator |
Subfields |
| LEADER |
00000cam a2200000 4500 |
| 001 |
in00000068283 |
| 005 |
20151008051947.0 |
| 008 |
751208s1958 ilube b 00000 eng |
| 010 |
|
|
|a 58002764
|
| 035 |
|
|
|a (OCoLC)01882332
|
| 035 |
|
|
|9 AAH0957AM
|
| 040 |
|
|
|a DLC
|c FXG
|d TXA
|d UtOrBLW
|
| 049 |
|
|
|a TXAM
|c [347506]
|
| 050 |
|
0 |
|a HC148.C3
|b N3 1958
|
| 082 |
0 |
|
|a 331.7677
|a 301.243*
|
| 092 |
|
|
|a 331.7677
|b N252m
|
| 100 |
1 |
|
|a Nash, Manning.
|
| 245 |
1 |
0 |
|a Machine age Maya :
|b the industrialization of a Guatemalan community.
|
| 264 |
|
1 |
|a Glencoe, Ill. :
|b Free Press: [Chicago] Research Center in Economic Development and Cultural Change, University of Chicago,
|c [1958]
|
| 300 |
|
|
|a vi, 118 pages :
|b maps (part folded) diagrams ;
|c 23 cm.
|
| 336 |
|
|
|a text
|b txt
|2 rdacontent
|
| 337 |
|
|
|a unmediated
|b n
|2 rdamedia
|
| 338 |
|
|
|a volume
|b nc
|2 rdacarrier
|
| 500 |
|
|
|a Issued in microfilm form in 1955 as thesis. University of Chicago, under title: Cantel: the industrialization of a Guatemalan Indian community.
|
| 504 |
|
|
|a Bibliography: pages 117-118.
|
| 650 |
|
0 |
|a Industrialization
|v Case studies.
|
| 651 |
|
0 |
|a Cantel (Guatemala)
|
| 999 |
|
|
|a MARS
|
| 999 |
f |
f |
|s aa1583c4-eec4-35cb-831f-a7a32708a5c4
|i 110351da-da26-3cbe-a69e-c16777e16201
|t 0
|
| 952 |
f |
f |
|p ric
|a Texas A&M University
|b Rellis Campus
|c Joint Library Facility
|d Remote Storage
|t 0
|e HC148.C3 N3 1958
|h Library of Congress classification
|i unmediated -- volume
|m A14800720801
|
| 998 |
f |
f |
|a HC148.C3 N3 1958
|t 0
|l Remote Storage
|